000 00566nam a2200229Ia 4500
003 OSt
005 20221005130955.0
006 a|||||r|||| 00| 0
007 ta
008 221004b |||||||| |||| 00| 0 eng d
024 _a60131
037 _cTextual
040 _aCRL
_cCRL
_beng
041 _2eng
_aeng
082 _aO111,6NR, 33J6
100 _aRoosevelt Au.
_9638936
245 0 _aSavi nenapu
260 _c1956
650 _aENGLISH LITERATURE
942 _hO111,6NR, 33J6
_cTEXL
_2cc
999 _c1058980
_d1058980